01135nam a2200229 a 450000100100000000500170001000800410002704000250006808200150009310000420010824501010015026000690025130000210032049000180034150002160035950000700057550000730064550400320071883000250075095201130077599900170088800004597220201002052544.0150605s2009 dr 000 0 spa d aDO-SdBNPbspacBNPHU axxxxbxxxx1 aGuzmán Saladín, Alfredo A.97404413aEl funcionamiento de las sociedades de responsabilidad limitada /cAlfredo A Guzmán Saladín. aSanto Domingo :bEdiciones Jurídicas Trajano Potentini,c2009. a171 p. ;c23 cm.1 aMonografías aAnexo único : Artículos de la ley general de las sociedades comerciales y empresas individuales de responsabilidad limitada, No. 479-08, recomendados para el estudio de los temas tratados en la presnte obra. aIncluye datos biográficos del autor en la solapa de la cubierta aIncluye referencias bibliográficas y notas al pie de las páginas aBibliografía : p. 115-118 0aMonografías915334 0010718PDaPDbPDcCTd2015-06-05iLF1l0oxxxx xxxxp45972-10r2020-06-25w2020-06-25yLFPDZNo se presta c45461d45461